000 01060nam a22003375b 4500
001 446
003 DO-SdBPM
005 20250611100512.0
007 ta
008 950710s1999 sp a | | ||spa
017 _a
_b
020 _a8424178971
040 _aDO-SdBPM
_bspa
_cBPMSU
_erda
082 4 _a863.6
_bN495d 1999
_222
100 1 _aNeuschäfer-Carlón, Mercedes,
_d1930-
_eautor
245 1 0 _aDani y Dino /
_c Mercedes Nueschafer-Carlón ; ilustrado por Bea Sáez.
_h
250 _a
264 _aLeón, España :
_bEditorial Everest,
_c1999
300 _a45 páginas . :
_bil.ustraciones ;
_c21 cm
336 _atexto
_btxt
_2rdacontent
337 _asin mediación
_bn
_2rdamedia
338 _avolumen
_bnc
_2rdacarrier
490 0 _aMontaña encantada;
_aPrimeros lectores,
_v
590 _aInventariado, 2025/VM
600 _2
650 7 _aCuentos infantiles españoles
650 7 _ajuguetes
_vCuentos infantiles
700 1 _a Sáez, Bea
_eilustrador
910 _aVMateo V. Control de calidad. BPMSU
942 _2ddc
_cBK
999 _c15154
_d15154